<?xml version="1.0" encoding="UTF-8"?><?xml-stylesheet type="text/xsl" href="static/style.xsl"?><OAI-PMH xmlns="http://www.openarchives.org/OAI/2.0/" xmlns:xsi="http://www.w3.org/2001/XMLSchema-instance" xsi:schemaLocation="http://www.openarchives.org/OAI/2.0/ http://www.openarchives.org/OAI/2.0/OAI-PMH.xsd"><responseDate>2026-04-13T16:54:35Z</responseDate><request verb="GetRecord" identifier="oai:www.recercat.cat:2117/442678" metadataPrefix="marc">https://recercat.cat/oai/request</request><GetRecord><record><header><identifier>oai:recercat.cat:2117/442678</identifier><datestamp>2025-09-30T20:32:27Z</datestamp><setSpec>com_2072_1033</setSpec><setSpec>col_2072_452951</setSpec></header><metadata><record xmlns="http://www.loc.gov/MARC21/slim" xmlns:dcterms="http://purl.org/dc/terms/" xmlns:xsi="http://www.w3.org/2001/XMLSchema-instance" xmlns:doc="http://www.lyncode.com/xoai" xsi:schemaLocation="http://www.loc.gov/MARC21/slim http://www.loc.gov/standards/marcxml/schema/MARC21slim.xsd">
   <leader>00925njm 22002777a 4500</leader>
   <datafield ind2=" " ind1=" " tag="042">
      <subfield code="a">dc</subfield>
   </datafield>
   <datafield ind2=" " ind1=" " tag="720">
      <subfield code="a">Masfarné Pellicer, Jordi</subfield>
      <subfield code="e">author</subfield>
   </datafield>
   <datafield ind2=" " ind1=" " tag="260">
      <subfield code="c">2025-07</subfield>
   </datafield>
   <datafield ind2=" " ind1=" " tag="520">
      <subfield code="a">Aquest projecte desenvolupa el disseny estructural d’una nau agrícola-ramadera que incorpora una instal·lació fotovoltaica aïllada com a font d’energia principal. L’objectiu és plantejar una solució funcional i tècnicament adequada per a entorns rurals amb demanda energètica independent. Inicialment, es defineixen les dimensions i configuració de la nau, atenent als requisits propis de l’activitat ramadera. Es contemplen les accions aplicables segons el Codi Tècnic de l’Edificació (CTE) i es realitza la verificació estructural mitjançant simulació amb el programari Diamonds, seguint també les directrius dels Eurocodis. Posteriorment, es dimensiona una instal·lació solar fotovoltaica aïllada, dissenyada per cobrir la demanda elèctrica de la nau, d’acord amb la guia tècnica de l’Instiut Català de l’Energia (ICAEN) i el Reglament Electrotècnic de Baixa Tensió (REBT). Aquesta instal·lació permet el funcionament totalment desvinculat de la xarxa elèctrica. Finalment, es realitza una estimació econòmica del conjunt, tant de l’estructura com de la instal·lació fotovoltaica, i una valoració de l’impacte ambiental, centrada en les emissions evitades pel fet d’utilitzar una font d’energia renovable en lloc de fonts convencionals.</subfield>
   </datafield>
   <datafield ind1="8" ind2=" " tag="024">
      <subfield code="a">http://hdl.handle.net/2117/442678</subfield>
   </datafield>
   <datafield tag="653" ind2=" " ind1=" ">
      <subfield code="a">Àrees temàtiques de la UPC::Edificació</subfield>
   </datafield>
   <datafield tag="653" ind2=" " ind1=" ">
      <subfield code="a">Àrees temàtiques de la UPC::Energies</subfield>
   </datafield>
   <datafield tag="653" ind2=" " ind1=" ">
      <subfield code="a">Structural engineering</subfield>
   </datafield>
   <datafield tag="653" ind2=" " ind1=" ">
      <subfield code="a">Cattle -- Housing</subfield>
   </datafield>
   <datafield tag="653" ind2=" " ind1=" ">
      <subfield code="a">Photovoltaic power systems</subfield>
   </datafield>
   <datafield tag="653" ind2=" " ind1=" ">
      <subfield code="a">Enginyeria d'estructures</subfield>
   </datafield>
   <datafield tag="653" ind2=" " ind1=" ">
      <subfield code="a">Bestiar boví -- Habitatge</subfield>
   </datafield>
   <datafield tag="653" ind2=" " ind1=" ">
      <subfield code="a">Instal·lacions fotovoltaiques</subfield>
   </datafield>
   <datafield ind2="0" ind1="0" tag="245">
      <subfield code="a">Disseny i càlcul estructural d’una nau agrícola-ramadera per a l’estabulació i engreix de bestiar boví amb instal·lació fotovoltaica aïllada</subfield>
   </datafield>
</record></metadata></record></GetRecord></OAI-PMH>